American League Or National League? - Statistics

General Stats
  • This quiz has been taken 32 times
  • The average score is 27 of 30
Answer Stats
Question Answer % Correct
Baltimore Orioles American League
100%
Chicago White Sox American League
100%
Detroit Tigers American League
100%
Kansas City Royals American League
100%
Minnesota Twins American League
100%
New York Yankees American League
100%
Oakland Athletics American League
100%
Seattle Mariners American League
100%
Tampa Bay Rays American League
100%
Chicago Cubs National League
100%
New York Mets National League
100%
Philadelphia Phillies National League
100%
San Diego Padres National League
100%
San Francisco Giants National League
100%
Boston Red Sox American League
86%
Cleveland Guardians American League
86%
Los Angeles Angels American League
86%
Texas Rangers American League
86%
Toronto Blue Jays American League
86%
Atlanta Braves National League
86%
Cincinnati Reds National League
86%
Colorado Rockies National League
86%
Los Angeles Dodgers National League
86%
Miami Marlins National League
86%
Milwaukee Brewers National League
86%
Pittsburgh Pirates National League
86%
St. Louis Cardinals National League
86%
Washington Nationals National League
86%
Houston Astros American League
71%
Arizona Diamondbacks National League
71%
No matching quizzes found
Score Distribution
Percent of People with Each Score
Percentile by Number Answered
Your Score History
You have not taken this quiz